| 000 | 00671nam a22001937a 4500 | ||
|---|---|---|---|
| 999 |
_c13572 _d13572 |
||
| 003 | AR-CdUCM | ||
| 008 | 190415b ||||| |||| 00| 0 spa d | ||
| 040 |
_aMUNICIPALIDAD PROVINCIAL DEL CUSCO _cBIBLIOTECA MUNICIPAL DEL CUSCO |
||
| 082 |
_aC / 985.05 / _bP33 |
||
| 100 |
_aPaz Soldan, Mariano Felipe _912558 |
||
| 245 | _aHistoria del PerĂº independiente / | ||
| 260 |
_aMadrid : _bAmericana, _c1919. |
||
| 300 |
_a2 tomos ; _c22 cm. |
||
| 505 | _aContenido: t.1: Junta gubernativa, Gobierno de Riva Aguero -- t.2: Dictadura de Bolivar... | ||
| 650 |
_aIndependencia. _9625 |
||
| 650 |
_aFelipe Paz Soldan. _932033 |
||
| 942 |
_2ddc _cLIBROS |
||
| 945 |
_awfj _d2019-04-15 |
||